One flew over the cuckoo´s nest
Tallennettuna:
| Päätekijä: | |
|---|---|
| Aineistotyyppi: | Kirja |
| Julkaistu: |
New York, Estados Unidos
New American Library
1962
|
| Aiheet: | |
| Tagit: |
Lisää tagi
Ei tageja, Lisää ensimmäinen tagi!
|
MARC
| LEADER | 00000nam a2200000Ia 4500 | ||
|---|---|---|---|
| 008 | 170316s9999 xx 000 0 ENG d | ||
| 040 | |a cru BVZT | ||
| 090 | |a 810 K-14o | ||
| 100 | |a Kesey, Ken | ||
| 245 | |a One flew over the cuckoo´s nest | ||
| 260 | |a New York, Estados Unidos | ||
| 260 | |b New American Library | ||
| 260 | |c 1962 | ||
| 300 | |a 272páginas | ||
| 650 | |a LITERATURA ESTADOUNIDENSE | ||
| 999 | |c 5809 |d 5809 | ||
| 942 | |c 15 D |h 810 K-14o |2 z | ||
